| 000 | 00647nam a2200145Ia 4500 | ||
|---|---|---|---|
| 008 | 170221s9999 xx 000 0 und d | ||
| 100 | _aGalina A. Kruchinina | ||
| 245 | _aInformation and Communication Technologies in Education as a Factor of Students Motivation | ||
| 245 | _cGalina A. Kruchinina, Larisa I. Tararina, Elena E. Sokolova, Elizaveta V. Limarova, Isita V. Muskhanova, Shavadi M. Arsaliyev, Fatima U. Bazayeva, Nataliya P. Tagirova | ||
| 260 | _bInternational Review of Management and Marketing | ||
| 260 | _c2012 | ||
| 300 | _a3 : 2 | ||
| 650 | _xMarketing. | ||
| 856 | _uhttp://www.econjournals.com/index.php/irmm/issue/view/71 | ||
| 999 |
_c314005 _d314005 |
||